A student's A-Z of psychology / (Record no. 168379)

MARC details
000 -LEADER
fixed length control field 00700cam a2200241Ia 4500
008 - FIXED-LENGTH DATA ELEMENTS--GENERAL INFORMATION
fixed length control field
020 ## - INTERNATIONAL STANDARD BOOK NUMBER
International Standard Book Number 9780702171604 (pbk.)
049 ## - LOCAL HOLDINGS (OCLC)
Holding library MAIN
090 ## - LOCALLY ASSIGNED LC-TYPE CALL NUMBER (OCLC); LOCAL CALL NUMBER (RLIN)
Classification number (OCLC) (R) ; Classification number, CALL (RLIN) (NR) BF139
Local cutter number (OCLC) ; Book number/undivided call number, CALL (RLIN) GRI
003 - CONTROL NUMBER IDENTIFIER
control field
005 - DATE AND TIME OF LATEST TRANSACTION
control field 20230123141135.0
040 ## - CATALOGING SOURCE
Transcribing agency NUST
100 1# - MAIN ENTRY--PERSONAL NAME
Personal name Grieve, Kate
245 12 - TITLE STATEMENT
Title A student's A-Z of psychology /
Statement of responsibility, etc. K. Grieve and V. Van Deventer
260 ## - PUBLICATION, DISTRIBUTION, ETC.
Place of publication, distribution, etc. South Africa :
Name of publisher, distributor, etc. Juta,
Date of publication, distribution, etc. c2005.
300 ## - PHYSICAL DESCRIPTION
Extent iv, 354 p. :
Other physical details ill. ;
Dimensions 25 cm
504 ## - BIBLIOGRAPHY, ETC. NOTE
Bibliography, etc. note Includes bibliographical references.
650 #0 - SUBJECT ADDED ENTRY--TOPICAL TERM
Topical term or geographic name entry element Psychology.
653 ## - INDEX TERM--UNCONTROLLED
Uncontrolled term Psychology
-- student guide.
700 1# - ADDED ENTRY--PERSONAL NAME
Personal name Van Deventer, Vasi.
907 ## - LOCAL DATA ELEMENT G, LDG (RLIN)
a .b10396457
b 06-03-19
c 06-03-19
942 ## - ADDED ENTRY ELEMENTS (KOHA)
Koha item type Ordinary Loan Books
Call number prefix BF139
Call number suffix GRI
Holdings
Date last seen Total Checkouts Full call number Barcode Cost, replacement price Price effective from Koha item type Lost status Source of classification or shelving scheme Damaged status Not for loan Collection Withdrawn status Home library Current library Shelving location Date acquired Cost, normal purchase price
01/23/2023 1 BF139 GRI 92004046160 80.00 01/23/2023 BOOKS   LCC     NFIC   MAIN MAIN GEN 01/23/2023 80.00